000 00301nam a22001217a 4500
999 _c4384
_d4384
008 250213b ||||| |||| 00| 0 eng d
020 _a9781474734639
082 _a599.03
100 _aAMSTUTZ,LISA J
_eAUTHOR
245 _aMAMMALS
260 _a264 BANBURY ROAD ,OXFORD OX2 7DY
_cRAINTREE
942 _2ddc